Historical Empires & their Colonies - Statistics

General Stats
  • This quiz has been taken 2,207 times
    2,163 since last reset
  • The average score is 11 of 12
Answer Stats
Hint Answer % Correct
US, India, Hong Kong UK
99%
Quebec, Indochina France
98%
Brazil, Macau Portugal
98%
East Europe, Central Asia, Alaska Russia
98%
Latin America, Philippines, Equatorial Guinea Spain
98%
Korea, Taiwan, Tibet China
96%
Korea, Indochina, Pacific Islands Japan
96%
Indonesia Netherlands
93%
Libya Italy
92%
North Africa, Balkans, Middle East Ottoman
88%
Czechoslovakia, Hungary, Croatia Austria
84%
Gaul, Iberia, Balkans Rome
83%
No matching quizzes found
Score Distribution
Percent of People with Each Score
Percentile by Number Answered
Your Score History
You have not taken this quiz since the last reset